Polish Movie Poster Extravaganza! Quiz Stats

Quiz Updated Apr 22, 2016

Challenge
Share
Tweet
Score 0/15 Timer 05:00
0 Plays Today
Letter Movie % Correct
Dumbo
97.7%
The Terminator
90.9%
Breakfast at Tiffany's
90.2%
Saturday Night Fever
79.5%
Star Wars: Episode V - The Empire Strikes Back
76.2%
Gandhi
66.7%
Gremlins
65.8%
Apocalypse Now
58.4%
Letter Movie % Correct
Tootsie
52.5%
Alien
38.5%
Short Circuit 2
21.6%
The Birds
18.9%
The Fly
18.2%
Old Yeller
9.7%
The Blues Brothers
8.1%

You're not logged in!

Compare scores with friends on all Sporcle quizzes.
Join for Free
OR
Log In

You Might Also Like...

Show Comments

Extras

Top Quizzes Today


Score Distribution

Your Account Isn't Verified!

In order to create a playlist on Sporcle, you need to verify the email address you used during registration. Go to your Sporcle Settings to finish the process.

Report this User

Report this user for behavior that violates our Community Guidelines.

Details: